000 00875nam a2200289 a 4500
001 000037618
003 DO-SdBPM
005 20250723111852.0
007 ta
008 121008s20uu dr 000 0 spa d
020 _a9789945120738
040 _aDO-SdBPM
_bspa
_cBPMSU
_erda
082 4 _a813.5
_bH488v
_222
100 1 _aHemingway, Ernest,
_d1899-1961
_eautor
_934
245 1 3 _aEl viejo y el mar /
_cErnest Hemingway
264 _aSanto Domingo :
_b Susaeta Ediciones Dominicanas,
_c[200-?]
300 _a102 páginas ;
_c21 cm.
336 _atexto
_btxt
_2rdacontent
337 _asin mediación
_bn
_2rdamedia
338 _avolumen
_bnc
_2rdacarrier
490 0 _aBiblioteca Susaeta
650 7 _aNovela estadounidense
650 7 _a Adultos mayores
_vNovela
650 7 _aOcéano
_vNovela
910 _aVMateo V. Control de calidad BPMSU
942 _2ddc
_cBK
999 _c7818
_d7818